[Event "CZE-chT1E 2223"]
[Site "Czech Republic"]
[Date "2023.01.29"]
[Round "7.4"]
[White "Vasinek, Martin"]
[Black "Dubina, Pavel"]
[Result "1/2-1/2"]
[WhiteElo "1908"]
[BlackElo "2103"]
[PlyCount "80"]
[EventDate "2022.10.08"]
[EventType "team-tourn"]
[EventRounds "11"]
[EventCountry "CZE"]
[SourceTitle "CBM 213 Extra"]
[Source "ChessBase"]
[SourceDate "2023.05.31"]
[SourceVersion "1"]
[SourceVersionDate "2023.05.31"]
[SourceQuality "1"]
[WhiteTeam "Frydek Mistek II"]
[BlackTeam "Vlcnov"]
[WhiteTeamCountry "CZE"]
[BlackTeamCountry "CZE"]

1. d4 Nf6 2. c4 c5 3. d5 e5 4. Nc3 d6 5. e4 g6 6. Bd3 Bg7 7. Nge2 a6 8. 0-0 0-0 9. Ng3 Nbd7 10. Qc2 Re8 11. a3 Rb8 12. b4 Qc7 13. f3 b5 14. cxb5 c4 15. Be2 axb5 16. Be3 Ba6 17. Rfb1 Nb6 18. a4 Nxa4 19. Nxa4 bxa4 20. Rxa4 Bb5 21. Ra7 Rb7 22. Rba1 Bh6 23. Bf2 Rc8 24. Qc3 Qb8 25. Nf1 Kg7 26. Ne3 Nd7 27. Nc2 Bg5 28. Rxb7 Qxb7 29. Na3 Bd8 30. Kf1 f5 31. Bxc4 Bxc4+ 32. Nxc4 Qb5 33. Rc1 Nb6 34. Bxb6 Bxb6 35. Ke2 f4 36. Kd3 h5 37. Rc2 Kh7 38. Ra2 Kh6 39. Rc2 Kh7 40. Ra2 Kh6 1/2-1/2

[Event "CZE-chT2E 1920"]
[Site "Czech Republic"]
[Date "2020.01.12"]
[Round "6.8"]
[White "Suchanek, Krystof"]
[Black "Dubina, Pavel"]
[Result "0-1"]
[WhiteElo "1793"]
[BlackElo "2059"]
[PlyCount "50"]
[EventDate "2019.10.13"]
[EventType "team-tourn"]
[EventRounds "11"]
[EventCountry "CZE"]
[SourceTitle "EXT 2024"]
[Source "ChessBase"]
[SourceDate "2023.10.10"]
[SourceVersion "1"]
[SourceVersionDate "2023.10.10"]
[SourceQuality "1"]
[WhiteTeam "Zlin"]
[BlackTeam "Vlcnov"]
[WhiteTeamCountry "CZE"]
[BlackTeamCountry "CZE"]

1. e4 e6 2. d4 d5 3. exd5 exd5 4. Bd3 Nf6 5. Ne2 Be7 6. 0-0 0-0 7. c3 Re8 8. Bf4 Nbd7 9. Qc2 Nf8 10. h3 Ne6 11. Be5 h6 12. Nd2 c5 13. dxc5 Nxc5 14. Bb5 Bd7 15. Bxd7 Qxd7 16. Nd4 Nfe4 17. Nxe4 dxe4 18. Rad1 Nd3 19. Bh2 Bc5 20. Nb3 Bb6 21. Rd2 Rad8 22. Rfd1 e3 23. Re2 exf2+ 24. Kf1 Rxe2 25. Qxe2 Re8 0-1

[Event "CZE-chT2E 1920"]
[Site "Czech Republic"]
[Date "2019.12.01"]
[Round "4.8"]
[White "Skacelik, Petr"]
[Black "Dubina, Pavel"]
[Result "0-1"]
[WhiteElo "2162"]
[BlackElo "2059"]
[PlyCount "68"]
[EventDate "2019.10.13"]
[EventType "team-tourn"]
[EventRounds "11"]
[EventCountry "CZE"]
[SourceTitle "EXT 2024"]
[Source "ChessBase"]
[SourceDate "2023.10.10"]
[SourceVersion "1"]
[SourceVersionDate "2023.10.10"]
[SourceQuality "1"]
[WhiteTeam "Jundrov Jezdci"]
[BlackTeam "Vlcnov"]
[WhiteTeamCountry "CZE"]
[BlackTeamCountry "CZE"]

1. d4 Nf6 2. c4 c5 3. d5 e5 4. Nc3 d6 5. e4 g6 6. g3 Bg7 7. Bg2 a6 8. a4 Nbd7 9. Nf3 0-0 10. 0-0 Re8 11. h3 Rb8 12. Re1 Nf8 13. Be3 h6 14. Nh4 N6h7 15. Qd2 Ng5 16. Kh2 f5 17. Nf3 Nf7 18. Ng1 f4 19. gxf4 exf4 20. Bxf4 g5 21. Bg3 Ne5 22. b3 Nfg6 23. Nge2 Rf8 24. f4 gxf4 25. Nxf4 Nxf4 26. Bxf4 Nf3+ 27. Bxf3 Rxf4 28. Bg2 Be5 29. Kh1 Qh4 30. Re3 Bd7 31. Rg1 Kh7 32. Ne2 Rf2 33. Qe1 Rbf8 34. Bf1 Rh2# 0-1

[Event "CZE-chT2E 1920"]
[Site "Czech Republic"]
[Date "2019.10.13"]
[Round "1.8"]
[White "Dubina, Pavel"]
[Black "Mayer, Josef"]
[Result "1-0"]
[WhiteElo "2059"]
[BlackElo "2015"]
[PlyCount "93"]
[EventDate "2019.10.13"]
[EventType "team-tourn"]
[EventRounds "11"]
[EventCountry "CZE"]
[SourceTitle "EXT 2024"]
[Source "ChessBase"]
[SourceDate "2023.10.10"]
[SourceVersion "1"]
[SourceVersionDate "2023.10.10"]
[SourceQuality "1"]
[WhiteTeam "Vlcnov"]
[BlackTeam "Prusanky Podluzan"]
[WhiteTeamCountry "CZE"]
[BlackTeamCountry "CZE"]

1. d4 Nf6 2. c4 g6 3. Nc3 Bg7 4. e4 d6 5. Be2 0-0 6. Nf3 e5 7. 0-0 Na6 8. dxe5 dxe5 9. Qc2 Nb4 10. Qb1 Nc6 11. Bg5 h6 12. Bh4 g5 13. Bg3 Nh7 14. Rd1 Bd7 15. Qd3 Be6 16. Qe3 Qc8 17. Nd5 Re8 18. Rac1 Bg4 19. h3 Bxf3 20. Bxf3 Nd4 21. Bg4 Ne6 22. Qa3 Bf8 23. Qd3 Bg7 24. Qa3 Bf8 25. Qc3 f6 26. c5 c6 27. Ne3 Qc7 28. Bh5 Bxc5 29. Bxe8 Rxe8 30. Nf5 h5 31. h4 g4 32. b4 Bf8 33. Qc4 Kh8 34. a4 Ng7 35. b5 Nxf5 36. exf5 c5 37. Rd5 Be7 38. Rcd1 Nf8 39. Qe4 Kg7 40. Kh2 Qc8 41. f3 gxf3 42. Qxf3 Kh6 43. Bf2 e4 44. Be3+ Kg7 45. Qxh5 Qc7+ 46. g3 c4 47. Qxe8 1-0

[Event "CZE-chT2E 1819"]
[Site "Czech Republic"]
[Date "2019.01.27"]
[Round "7.7"]
[White "Dubina, Pavel"]
[Black "Krizek, Frantisek"]
[Result "1-0"]
[WhiteElo "2107"]
[BlackElo "1925"]
[PlyCount "77"]
[EventDate "2018.10.14"]
[EventType "team-tourn"]
[EventRounds "11"]
[EventCountry "CZE"]
[SourceTitle "EXT 2022"]
[Source "ChessBase"]
[SourceDate "2021.10.06"]
[SourceVersion "1"]
[SourceVersionDate "2021.10.06"]
[SourceQuality "1"]
[WhiteTeam "Vlcnov"]
[BlackTeam "Veseli nad Moravou"]
[WhiteTeamCountry "CZE"]
[BlackTeamCountry "CZE"]

1. c4 Nf6 2. Nf3 e6 3. g3 d5 4. Bg2 Bd6 5. 0-0 c6 6. b3 0-0 7. Bb2 Nbd7 8. d4 Re8 9. Nc3 Bb4 10. Qc2 Bxc3 11. Bxc3 b6 12. Nd2 Bb7 13. c5 e5 14. Rfe1 e4 15. b4 e3 16. fxe3 Ng4 17. e4 Ne3 18. Qd3 Nxg2 19. Kxg2 Nf8 20. e5 Ne6 21. Rf1 a5 22. a3 axb4 23. axb4 Rxa1 24. Rxa1 b5 25. Nf3 Qe7 26. Bd2 Ra8 27. Rxa8+ Bxa8 28. Qa3 Bb7 29. Qa7 Qd7 30. Qb8+ Bc8 31. Kf2 h6 32. h4 Kh7 33. Qd6 g6 34. Be3 Kg7 35. Nh2 Nf8 36. Bxh6+ Kxh6 37. Qxf8+ Kh7 38. Nf3 Qf5 39. g4 1-0

[Event "CZE-chT2E 1819"]
[Site "Czech Republic"]
[Date "2018.12.02"]
[Round "4.6"]
[White "Dubina, Pavel"]
[Black "Horsak, Jan"]
[Result "0-1"]
[WhiteElo "2107"]
[BlackElo "2031"]
[PlyCount "72"]
[EventDate "2018.10.14"]
[EventType "team-tourn"]
[EventRounds "11"]
[EventCountry "CZE"]
[SourceTitle "EXT 2022"]
[Source "ChessBase"]
[SourceDate "2021.10.06"]
[SourceVersion "1"]
[SourceVersionDate "2021.10.06"]
[SourceQuality "1"]
[WhiteTeam "Vlcnov"]
[BlackTeam "Stare Mesto II"]
[WhiteTeamCountry "CZE"]
[BlackTeamCountry "CZE"]

1. d4 Nf6 2. Nf3 g6 3. g3 Bg7 4. Bg2 0-0 5. 0-0 d5 6. Bf4 c5 7. dxc5 Na6 8. Nc3 Nxc5 9. Ne5 e6 10. Qc1 Nh5 11. Nd3 Nxf4 12. Qxf4 Qb6 13. Na4 Nxa4 14. Qxa4 Rd8 15. Rad1 Bd7 16. Qb3 Qa5 17. e4 Ba4 18. Qa3 Bf8 19. b4 Qb5 20. Qb2 Rac8 21. Rd2 dxe4 22. Bxe4 Bxb4 23. Re2 Ba5 24. Qf6 Bc3 25. Qf3 Bg7 26. Nf4 b6 27. h4 Rc3 28. Re3 Qc5 29. Ne2 Rxe3 30. fxe3 f5 31. Bd3 e5 32. Kg2 e4 33. Bxe4 fxe4 34. Qf7+ Kh8 35. Nf4 Qxc2+ 36. Rf2 Rd2 0-1

[Event "CZE-chT2E 1718"]
[Site "Czech Republic"]
[Date "2018.03.18"]
[Round "10.6"]
[White "Rubes, Pavel"]
[Black "Dubina, Pavel"]
[Result "1/2-1/2"]
[WhiteElo "1888"]
[BlackElo "2084"]
[PlyCount "117"]
[EventDate "2017.10.15"]
[EventType "team-tourn"]
[EventRounds "11"]
[EventCountry "CZE"]
[SourceTitle "EXT 2022"]
[Source "ChessBase"]
[SourceDate "2021.10.06"]
[SourceVersion "1"]
[SourceVersionDate "2021.10.06"]
[SourceQuality "1"]
[WhiteTeam "Kurim"]
[BlackTeam "Vlcnov"]
[WhiteTeamCountry "CZE"]
[BlackTeamCountry "CZE"]

1. d4 Nf6 2. c4 c5 3. e3 e6 4. Nc3 Be7 5. Nf3 0-0 6. Be2 b6 7. 0-0 Bb7 8. b3 d6 9. Bb2 Nc6 10. a3 Rc8 11. Qc2 cxd4 12. exd4 d5 13. cxd5 Nxd5 14. Nxd5 Qxd5 15. Bc4 Qh5 16. Bc3 b5 17. Be2 Qd5 18. Qb2 Bf6 19. Rfd1 Rfd8 20. Rac1 a6 21. b4 g5 22. h3 Ne7 23. Ne1 Qd6 24. Bf3 Bd5 25. Bxd5 Nxd5 26. Nf3 Qf4 27. Bd2 Qf5 28. Be3 h5 29. Rc5 g4 30. hxg4 hxg4 31. Ne1 Kg7 32. Rdc1 Ra8 33. Qc2 Qh5 34. Qe4 Rh8 35. Kf1 a5 36. Nd3 Qg6 37. Qxg6+ Kxg6 38. Ke2 axb4 39. axb4 Ra2+ 40. R1c2 Rha8 41. Kd2 R8a3 42. Rxb5 g3 43. Rbc5 Rxd3+ 44. Kxd3 Nxb4+ 45. Kd2 gxf2 46. Bxf2 Nxc2 47. Rxc2 Ra3 48. Rc3 Bg5+ 49. Kd3 Ra1 50. Ke4 Ra2 51. Kf3 Rd2 52. g4 Bf6 53. Be3 Rd1 54. Rc4 Bg5 55. Bxg5 Kxg5 56. Rc5+ Kf6 57. Ke4 Re1+ 58. Kf4 Rf1+ 59. Ke4 1/2-1/2

[Event "CZE-chT2E 1718"]
[Site "Czech Republic"]
[Date "2018.02.11"]
[Round "8.5"]
[White "Dubina, Pavel"]
[Black "Mareckova, Martina"]
[Result "1/2-1/2"]
[WhiteElo "2084"]
[BlackElo "2141"]
[PlyCount "88"]
[EventDate "2017.10.15"]
[EventType "team-tourn"]
[EventRounds "11"]
[EventCountry "CZE"]
[SourceTitle "EXT 2022"]
[Source "ChessBase"]
[SourceDate "2021.10.06"]
[SourceVersion "1"]
[SourceVersionDate "2021.10.06"]
[SourceQuality "1"]
[WhiteTeam "Vlcnov"]
[BlackTeam "Jundrov Jezdci"]
[WhiteTeamCountry "CZE"]
[BlackTeamCountry "CZE"]

1. c4 Nf6 2. Nc3 g6 3. e4 d6 4. Nf3 Bg7 5. h3 0-0 6. Be2 e5 7. d3 Nc6 8. Be3 Nd7 9. g4 Nc5 10. Rg1 Ne6 11. Nd5 Ncd4 12. Qd2 Nxe2 13. Kxe2 c6 14. Nb4 a5 15. Nc2 d5 16. h4 d4 17. Bh6 Qe7 18. Rg3 Re8 19. Rh1 f6 20. Nfe1 b5 21. Na3 b4 22. Nac2 Bxh6 23. Qxh6 Nf4+ 24. Kf1 Qg7 25. Qxg7+ Kxg7 26. Ng2 Ne6 27. Ke2 Bd7 28. Kd2 c5 29. Rf1 Rf8 30. f4 Nd8 31. f5 Nc6 32. Nce1 gxf5 33. exf5 Rae8 34. Nf3 e4 35. dxe4 Rxe4 36. b3 Rfe8 37. Rf2 h6 38. Kd3 R4e7 39. Nf4 Ne5+ 40. Nxe5 Rxe5 41. Kd2 Kf7 42. Nd3 Re3 43. Rgf3 Rxf3 44. Rxf3 Rc8 1/2-1/2

[Event "CZE-chT2E 1718"]
[Site "Czech Republic"]
[Date "2017.12.03"]
[Round "4.6"]
[White "Handl, Martin"]
[Black "Dubina, Pavel"]
[Result "0-1"]
[WhiteElo "2040"]
[BlackElo "2084"]
[PlyCount "104"]
[EventDate "2017.10.15"]
[EventType "team-tourn"]
[EventRounds "11"]
[EventCountry "CZE"]
[SourceTitle "EXT 2022"]
[Source "ChessBase"]
[SourceDate "2021.10.06"]
[SourceVersion "1"]
[SourceVersionDate "2021.10.06"]
[SourceQuality "1"]
[WhiteTeam "Lipovec Garde"]
[BlackTeam "Vlcnov"]
[WhiteTeamCountry "CZE"]
[BlackTeamCountry "CZE"]

1. e4 e6 2. d4 c5 3. Nf3 cxd4 4. Nxd4 a6 5. Nc3 Nc6 6. Be3 Qc7 7. Qd2 Nf6 8. Nxc6 Qxc6 9. f3 Bb4 10. Bd4 d6 11. a3 Ba5 12. b4 Bd8 13. Bd3 0-0 14. 0-0 e5 15. Be3 Be6 16. Rfd1 Bb6 17. Bxb6 Qxb6+ 18. Qf2 Qc6 19. Ne2 b5 20. Ng3 Rac8 21. Qe2 Rb8 22. Rdc1 Qc3 23. Qe1 Qc6 24. Qe2 Rfc8 25. Kf2 g6 26. Rd1 Rc7 27. Kf1 h5 28. h4 Kg7 29. Qe3 Nh7 30. Rac1 Qe8 31. Kf2 Qe7 32. Rh1 Rc3 33. Ra1 Rbc8 34. Ne2 R3c6 35. Rad1 Bc4 36. Bxc4 Rxc4 37. c3 Nf6 38. Rd3 Rxe4 39. Qb6 Rxe2+ 40. Kxe2 e4 41. Re3 Rc4 42. Rd1 d5 43. Rd4 Rc7 44. Qxa6 Ra7 45. Qxb5 Rxa3 46. Rd2 Qe5 47. Qc5 Qg3 48. Kd1 Qxh4 49. fxe4 Qh1+ 50. Kc2 Ra2+ 51. Kd3 dxe4+ 52. Rxe4 Qb1+ 0-1

[Event "CZE-chT1E 1617"]
[Site "Czech Republic"]
[Date "2017.01.22"]
[Round "6.6"]
[White "Szotkowski, Jakub"]
[Black "Dubina, Pavel"]
[Result "1-0"]
[WhiteElo "2408"]
[BlackElo "2102"]
[PlyCount "63"]
[EventDate "2016.10.16"]
[EventType "team-tourn"]
[EventRounds "11"]
[EventCountry "CZE"]
[SourceTitle "CBM 177 Extra"]
[Source "ChessBase"]
[SourceDate "2017.04.27"]
[SourceVersion "1"]
[SourceVersionDate "2017.04.27"]
[SourceQuality "1"]
[WhiteTeam "Trinec"]
[BlackTeam "Zlin"]
[WhiteTeamCountry "CZE"]
[BlackTeamCountry "CZE"]

1. d4 Nf6 2. c4 e6 3. g3 c5 4. d5 exd5 5. cxd5 b5 6. Bg2 Bb7 7. e4 d6 8. Ne2 g6 9. 0-0 Bg7 10. a4 b4 11. Nd2 0-0 12. Nc4 Ba6 13. Qc2 Nbd7 14. Nxd6 b3 15. Qd1 Nb6 16. Nb5 Nxa4 17. Qxb3 Rb8 18. Qxa4 Bxb5 19. Qc2 Re8 20. Re1 Qb6 21. Bf4 Rbd8 22. Nc3 Nd7 23. Nxb5 Qxb5 24. Rxa7 Qxb2 25. Qxb2 Bxb2 26. Bc7 Ra8 27. Rxa8 Rxa8 28. e5 Ra7 29. Bd6 c4 30. e6 Nf6 31. e7 Ne8 32. Bb8 1-0

[Event "CZE-chT1E 1617"]
[Site "Czech Republic"]
[Date "2017.01.08"]
[Round "5.2"]
[White "Vyskocil, Neklan"]
[Black "Dubina, Pavel"]
[Result "1/2-1/2"]
[WhiteElo "2332"]
[BlackElo "2102"]
[PlyCount "103"]
[EventDate "2016.10.16"]
[EventType "team-tourn"]
[EventRounds "11"]
[EventCountry "CZE"]
[SourceTitle "CBM 177 Extra"]
[Source "ChessBase"]
[SourceDate "2017.04.27"]
[SourceVersion "1"]
[SourceVersionDate "2017.04.27"]
[SourceQuality "1"]
[WhiteTeam "Brno Moravska Slavia"]
[BlackTeam "Zlin"]
[WhiteTeamCountry "CZE"]
[BlackTeamCountry "CZE"]

1. d4 Nf6 2. c4 c5 3. d5 e5 4. dxe6 fxe6 5. Nc3 Nc6 6. Bg5 Be7 7. e4 0-0 8. Nf3 d6 9. e5 Nxe5 10. Nxe5 dxe5 11. Bd3 Bd7 12. 0-0 Bc6 13. Qe2 h6 14. Bxf6 Rxf6 15. Rad1 Qc7 16. Be4 Be8 17. Bc2 Bc6 18. Qg4 Rd8 19. Rxd8+ Qxd8 20. Rd1 Qf8 21. Qe2 Rf4 22. Be4 Qe8 23. Qd3 Qh5 24. Re1 Rh4 25. h3 Bxe4 26. Nxe4 Qf5 27. b3 Rf4 28. Re3 Qf7 29. Qd7 Bf8 30. Qd3 b6 31. Qe2 Be7 32. Nd2 Rd4 33. Nf3 Bf6 34. Nxd4 cxd4 35. Rd3 Qg6 36. Rd1 Qf5 37. f3 Bg5 38. Qe4 Be3+ 39. Kf1 Qg5 40. Qg4 Qf6 41. h4 Kh8 42. g3 Qe7 43. Qg6 Qa3 44. Qc2 a5 45. Ke2 Qd6 46. Qg6 Qa3 47. Qb1 Qd6 48. Qg6 Qa3 49. Qc2 Qd6 50. Qe4 Qa3 51. Qc2 Qd6 52. Qe4 1/2-1/2

[Event "CZE-chT1E 1516"]
[Site "Czech Republic"]
[Date "2015.12.13"]
[Round "5.6"]
[White "Lys, Josef"]
[Black "Dubina, Pavel"]
[Result "1-0"]
[WhiteElo "2197"]
[BlackElo "2136"]
[PlyCount "77"]
[EventDate "2015.10.11"]
[EventType "team-tourn"]
[EventRounds "11"]
[EventCountry "CZE"]
[SourceTitle "EXT 2017"]
[Source "ChessBase"]
[SourceDate "2016.10.25"]
[SourceVersion "1"]
[SourceVersionDate "2016.10.25"]
[SourceQuality "1"]
[WhiteTeam "Karvina"]
[BlackTeam "Zlin"]
[WhiteTeamCountry "CZE"]
[BlackTeamCountry "CZE"]

1. d4 Nf6 2. Nf3 e6 3. g3 b6 4. Bg2 Bb7 5. 0-0 Be7 6. c4 0-0 7. Nc3 d6 8. Qc2 Nbd7 9. e4 e5 10. b3 Re8 11. Bb2 Bf8 12. Rad1 exd4 13. Nxd4 Nc5 14. Rfe1 a5 15. a3 Qc8 16. Nd5 Bxd5 17. cxd5 g6 18. f3 Bg7 19. Bf1 h5 20. Rc1 h4 21. Nb5 hxg3 22. hxg3 Re7 23. b4 axb4 24. axb4 Na6 25. Nxd6 Qd7 26. Nb5 Nxb4 27. Qxc7 Qe8 28. Qc4 Nbxd5 29. Bxf6 Nxf6 30. Nc7 Rxc7 31. Qxc7 Nh5 32. Bc4 Bd4+ 33. Kg2 Be5 34. Qxb6 Kg7 35. f4 Rb8 36. Qf2 Rb2 37. Rc2 Rxc2 38. Qxc2 Bd4 39. Qd3 1-0

[Event "CZE-chT1E 1516"]
[Site "Czech Republic"]
[Date "2015.11.29"]
[Round "4.7"]
[White "Horsak, Jan"]
[Black "Dubina, Pavel"]
[Result "1-0"]
[WhiteElo "2033"]
[BlackElo "2136"]
[PlyCount "109"]
[EventDate "2015.10.11"]
[EventType "team-tourn"]
[EventRounds "11"]
[EventCountry "CZE"]
[SourceTitle "EXT 2017"]
[Source "ChessBase"]
[SourceDate "2016.10.25"]
[SourceVersion "1"]
[SourceVersionDate "2016.10.25"]
[SourceQuality "1"]
[WhiteTeam "Stare Mesto"]
[BlackTeam "Zlin"]
[WhiteTeamCountry "CZE"]
[BlackTeamCountry "CZE"]

1. c4 e5 2. g3 Nc6 3. Bg2 Nf6 4. Nc3 Be7 5. Nf3 0-0 6. 0-0 d6 7. d4 Bg4 8. d5 Bxf3 9. exf3 Nd4 10. b4 a5 11. b5 Nd7 12. a4 Nc5 13. Rb1 f5 14. f4 Bf6 15. Be3 Nf3+ 16. Bxf3 e4 17. Nxe4 fxe4 18. Bxc5 dxc5 19. Bxe4 Bd4 20. Qd3 g6 21. Kg2 Qd6 22. h4 Rf7 23. Rh1 Raf8 24. f3 Rg7 25. Rbe1 b6 26. Re2 Qf6 27. h5 g5 28. h6 Re7 29. fxg5 Qxg5 30. Rh4 Kh8 31. Re1 Be5 32. Rg4 Qf6 33. Rh1 Bd6 34. Qc2 Rg8 35. Rxg8+ Kxg8 36. Rh4 Qe5 37. Rg4+ Kh8 38. Qd2 Re8 39. Qg5 Qb2+ 40. Kh3 Qa1 41. Qg7+ Qxg7 42. Rxg7 Re7 43. Rxe7 Bxe7 44. Kg4 Bf6 45. Kf5 Be7 46. g4 Bh4 47. g5 Kg8 48. Kg4 Bf2 49. f4 Be3 50. Bf5 Bd2 51. Bd7 Kf7 52. Be6+ Kf8 53. f5 Be3 54. Kh5 Bd4 55. g6 1-0

[Event "CZE-chT1E 1516"]
[Site "Czech Republic"]
[Date "2015.11.15"]
[Round "3.6"]
[White "Houska, Bronislav"]
[Black "Dubina, Pavel"]
[Result "1/2-1/2"]
[WhiteElo "2069"]
[BlackElo "2136"]
[PlyCount "105"]
[EventDate "2015.10.11"]
[EventType "team-tourn"]
[EventRounds "11"]
[EventCountry "CZE"]
[SourceTitle "CBM 169 Extra"]
[Source "ChessBase"]
[SourceDate "2015.12.18"]
[SourceVersion "1"]
[SourceVersionDate "2015.12.18"]
[SourceQuality "1"]
[WhiteTeam "Policka"]
[BlackTeam "Zlin"]
[WhiteTeamCountry "CZE"]
[BlackTeamCountry "CZE"]

1. c4 e5 2. g3 Nc6 3. Bg2 Nf6 4. Nc3 Bc5 5. a3 a5 6. e3 0-0 7. Nge2 Re8 8. 0-0 Bf8 9. f4 d6 10. Nd5 Nxd5 11. cxd5 Ne7 12. Qc2 g6 13. b3 c6 14. dxc6 bxc6 15. Bb2 Bg7 16. Rac1 Be6 17. d4 Qb6 18. Qd2 Bxb3 19. dxe5 dxe5 20. fxe5 Rad8 21. Qc3 Nd5 22. Bxd5 Bxd5 23. Qd4 Qb8 24. Rf6 Qb3 25. Bc3 Bc4 26. Qg4 Rd1+ 27. Rf1 Rxf1+ 28. Kxf1 Qxa3 29. Qxc4 Bxe5 30. Bxe5 Rxe5 31. Qc3 Qe7 32. Rb1 h5 33. Rb3 Kh7 34. Nd4 c5 35. Nf3 Rf5 36. Ke2 Qe4 37. Nd2 Qg2+ 38. Kd1 Qxh2 39. Rb8 f6 40. Qxa5 Kh6 41. Qc7 Qg1+ 42. Kc2 Qxe3 43. Rb3 Qd4 44. Qe7 c4 45. Qe3+ Qxe3 46. Rxe3 Kg5 47. Nxc4 Kg4 48. Nd2 Rf2 49. Kd3 f5 50. Nc4 Rg2 51. Ne5+ Kh3 52. Nxg6 Rxg3 53. Nf4+ 1/2-1/2

[Event "CZE-chT1E 1415"]
[Site "Czech Republic"]
[Date "2015.01.04"]
[Round "5.7"]
[White "Dubina, Pavel"]
[Black "Svancara, Petr"]
[Result "1-0"]
[WhiteElo "2123"]
[BlackElo "2080"]
[PlyCount "99"]
[EventDate "2014.10.19"]
[EventType "team-tourn"]
[EventRounds "11"]
[EventCountry "CZE"]
[SourceTitle "EXT 2016"]
[Source "ChessBase"]
[SourceDate "2015.10.08"]
[SourceVersion "1"]
[SourceVersionDate "2015.10.08"]
[SourceQuality "1"]
[WhiteTeam "Zlin"]
[BlackTeam "Grygov"]
[WhiteTeamCountry "CZE"]
[BlackTeamCountry "CZE"]

1. d4 Nf6 2. Nf3 e6 3. c4 Bb4+ 4. Nbd2 0-0 5. e3 b6 6. Bd3 Bb7 7. Qc2 d5 8. cxd5 exd5 9. 0-0 Nbd7 10. Ne5 c5 11. Nxd7 Qxd7 12. a3 Bxd2 13. Bxd2 c4 14. Bf5 Qc6 15. f3 g6 16. Bh3 Rfe8 17. g4 h5 18. g5 Nh7 19. f4 Bc8 20. Bxc8 Raxc8 21. Rf3 Re4 22. Raf1 f5 23. gxf6 Nxf6 24. Rg3 Kh7 25. Rg5 Rg8 26. Rf3 Ng4 27. Rh3 Nh6 28. Re5 Nf5 29. Bc3 Rxe5 30. dxe5 Qe6 31. Qg2 b5 32. Qf2 Rd8 33. Rf3 Qb6 34. Bd4 Qb7 35. Qd2 Qd7 36. Qa5 Nxd4 37. exd4 Rf8 38. h3 g5 39. f5 Rxf5 40. Rxf5 Qxf5 41. Qxa7+ Kh6 42. Qb6+ Qg6 43. Qd6 g4 44. Kg2 Kg5 45. Qxg6+ Kxg6 46. hxg4 hxg4 47. Kg3 Kg5 48. e6 Kf6 49. Kxg4 Kxe6 50. Kg5 1-0

[Event "CZE-chT1E 1415"]
[Site "Czech Republic"]
[Date "2014.12.07"]
[Round "4.7"]
[White "Stachon, Martin"]
[Black "Dubina, Pavel"]
[Result "0-1"]
[WhiteElo "2152"]
[BlackElo "2123"]
[PlyCount "74"]
[EventDate "2014.10.19"]
[EventType "team-tourn"]
[EventRounds "11"]
[EventCountry "CZE"]
[SourceTitle "CBM 163 Extra"]
[Source "ChessBase"]
[SourceDate "2014.12.23"]
[SourceVersion "1"]
[SourceVersionDate "2014.12.23"]
[SourceQuality "1"]
[WhiteTeam "Kromeriz"]
[BlackTeam "Zlin"]
[WhiteTeamCountry "CZE"]
[BlackTeamCountry "CZE"]

1. e4 e6 2. d4 d5 3. Nd2 Nf6 4. e5 Nfd7 5. Bd3 c5 6. c3 Nc6 7. Ne2 cxd4 8. cxd4 f6 9. exf6 Nxf6 10. 0-0 Bd6 11. Nf3 0-0 12. Bg5 Bd7 13. Nc3 a6 14. Rc1 Qe8 15. Re1 Qh5 16. Bxf6 Rxf6 17. Ne5 Qh4 18. g3 Qxd4 19. Bxh7+ Kxh7 20. Qc2+ Kg8 21. Nxd7 Rh6 22. Rcd1 Qg4 23. Qe2 Qh3 24. f4 Rd8 25. Ne5 Bc5+ 26. Kh1 Nxe5 27. fxe5 Rf8 28. Rf1 Rxf1+ 29. Rxf1 Qxg3 30. Qd2 Qxe5 31. Qg2 Bd6 32. h3 Rg6 33. Qc2 Rg3 34. Qh2 d4 35. Qf2 Rxh3+ 36. Kg1 Rg3+ 37. Kh1 Qh5+ 0-1

[Event "CZE-chT1E 1314"]
[Site "Czech Republic"]
[Date "2014.01.26"]
[Round "6.5"]
[White "Pavelka, Jindrich"]
[Black "Dubina, Pavel"]
[Result "0-1"]
[WhiteElo "2203"]
[BlackElo "2121"]
[PlyCount "82"]
[EventDate "2013.10.20"]
[EventType "team-tourn"]
[EventRounds "11"]
[EventCountry "CZE"]
[SourceTitle "EXT 2015"]
[Source "ChessBase"]
[SourceDate "2014.11.20"]
[SourceVersion "1"]
[SourceVersionDate "2014.11.20"]
[SourceQuality "1"]
[WhiteTeam "Kromeriz"]
[BlackTeam "Zlin"]
[WhiteTeamCountry "CZE"]
[BlackTeamCountry "CZE"]

1. e4 d6 2. d4 g6 3. Nc3 c6 4. h3 Bg7 5. Nf3 b5 6. a3 a6 7. Be2 Nf6 8. 0-0 0-0 9. Bg5 Be6 10. d5 cxd5 11. exd5 Bc8 12. Nd4 Bb7 13. Bf3 Nbd7 14. g3 Ne5 15. Bg2 Rc8 16. Nde2 Qd7 17. b3 Qc7 18. Be3 e6 19. f4 Ned7 20. dxe6 Bxg2 21. exf7+ Rxf7 22. Kxg2 Qc6+ 23. Rf3 Ne4 24. Bd4 Ng5 25. Bxg7 Qxf3+ 26. Kg1 Nxh3+ 27. Kh2 Rc5 28. Qh1 Qf2+ 29. Qg2 Kxg7 30. Rf1 Qxg2+ 31. Kxg2 Ng5 32. fxg5 Rxf1 33. Kxf1 Rxg5 34. Kf2 Nf6 35. Nf4 Kf7 36. Nd3 h5 37. Nb4 Rc5 38. Ne2 a5 39. Nd3 Rxc2 40. Kf3 Ng4 41. Nd4 Rd2 0-1

[Event "Brno Trade op-A 37th"]
[Site "Brno"]
[Date "2012.08.31"]
[Round "7"]
[White "Dubina, Pavel"]
[Black "Veznik, Michael"]
[Result "1-0"]
[WhiteElo "2140"]
[BlackElo "1846"]
[PlyCount "57"]
[EventDate "2012.08.26"]
[EventType "swiss"]
[EventRounds "9"]
[EventCountry "CZE"]
[SourceTitle "CBM 150 Extra"]
[Source "ChessBase"]
[SourceDate "2012.10.19"]
[SourceVersion "1"]
[SourceVersionDate "2012.10.19"]
[SourceQuality "1"]

1. d4 d5 2. Nf3 c6 3. e3 Bg4 4. c4 e6 5. Nc3 f5 6. Qc2 Nd7 7. Bd2 Nh6 8. 0-0-0 Be7 9. Be2 0-0 10. h3 Bh5 11. Kb1 Bg6 12. Bd3 Qe8 13. Ne2 Bf6 14. cxd5 cxd5 15. Nf4 Rc8 16. Qb3 Bf7 17. Bb4 Be7 18. Bb5 Qd8 19. Bxd7 Qxd7 20. Ne5 Qd8 21. Rc1 Bxb4 22. Qxb4 Rxc1+ 23. Rxc1 b6 24. Nc6 Qa8 25. Qd6 Re8 26. Ne7+ Kh8 27. Rc7 Rd8 28. Qe5 Rc8 29. Rxc8+ 1-0

[Event "Brno Trade op-A 37th"]
[Site "Brno"]
[Date "2012.08.30"]
[Round "6"]
[White "Petruska, Miroslav"]
[Black "Dubina, Pavel"]
[Result "1-0"]
[WhiteElo "1936"]
[BlackElo "2140"]
[PlyCount "95"]
[EventDate "2012.08.26"]
[EventType "swiss"]
[EventRounds "9"]
[EventCountry "CZE"]
[SourceTitle "CBM 150 Extra"]
[Source "ChessBase"]
[SourceDate "2012.10.19"]
[SourceVersion "1"]
[SourceVersionDate "2012.10.19"]
[SourceQuality "1"]

1. e4 e6 2. d4 d5 3. Nd2 c5 4. dxc5 Bxc5 5. Nb3 Bb6 6. exd5 exd5 7. Bb5+ Nc6 8. Ne2 Nf6 9. h3 Ne4 10. 0-0 0-0 11. c3 Qh4 12. Nbd4 Ne5 13. Nf4 Be6 14. Qh5 Qf6 15. Be3 Bc7 16. Rad1 g6 17. Qe2 g5 18. Nd3 g4 19. Nxe6 Qxe6 20. Nxe5 Bxe5 21. Qxg4+ Qxg4 22. hxg4 Rfd8 23. f3 Nf6 24. Bd4 Bxd4+ 25. Rxd4 h6 26. Rfd1 Rac8 27. Ba4 Rc5 28. Bb3 Re8 29. Kf2 Re5 30. R1d2 Kf8 31. Bd1 Ke7 32. Re2 Ke6 33. Rxe5+ Kxe5 34. Ke3 Nd7 35. Bb3 Nf6 36. Rd1 Rc7 37. Rh1 Rc6 38. f4+ Kd6 39. Rxh6 Kc5 40. Rh4 Re6+ 41. Kd3 Re1 42. g5 Ne4 43. Rh7 Rg1 44. Rxf7 Rxg2 45. Rf5 Rg3+ 46. Ke2 Nd6 47. Rxd5+ Kc6 48. Re5 1-0